| 000 | 00876nam a2200253 i 4500 | ||
|---|---|---|---|
| 001 | bg | ||
| 100 | 1 | _aST JOHN, Maggie Jo | |
| 245 | 1 | 0 |
_aAdvertising and the promotion industry / _cMaggie Jo St John. |
| 260 |
_aNew York [et al.] : _bPrentice Hall, _c1994. |
||
| 300 |
_aXI, 117 s. : _bfot., rys. ; _c24 cm. |
||
| 490 | 1 | _aPrentice Hall International English Language Teaching. Professional Reading Skills Series | |
| 504 | _aIndex. | ||
| 650 | 9 |
_aReklama _xsłownictwo |
|
| 650 | 9 |
_aPromocja handlowa _xsłownictwo |
|
| 650 | 9 |
_aJęzyk angielski _xpodręcznik dla cudzoziemców |
|
| 830 | 0 |
_aPrentice Hall International English Language Teaching. _pProfessional Reading Skills Series |
|
| 020 | _a0137200382 | ||
| 040 | _cBPK | ||
| 041 | 0 | _aen | |
| 080 | _a811.111(07):659 | ||
| 920 | _a0-13-720038-2 | ||
| 942 | _cKS | ||
| 008 | s pl f |000 0 pol | ||
| 999 |
_c32719 _d32719 |
||
| 856 |
_uhttp://koha.tu.koszalin.pl/cgi-bin/koha/opac-detail.pl?biblionumber=32719 _yKatalog online BPK |
||